LEADER 00873nam0-22003131i-450- 001 990007881720403321 005 20050502131018.0 010 $a88-365-2389-7 035 $a000788172 035 $aFED01000788172 035 $a(Aleph)000788172FED01 035 $a000788172 100 $a20040510d--------km-y0itay50------ba 101 0 $aita 102 $aIT 105 $aa-------001yy 200 1 $aCampania,Puglia,Basilicata,Calabria,Sicilia$fGuida rapida italiana 210 $aMilano$cTouring Club Italiano$d2002 215 $a400 p.$d25 cm 610 0 $aguida d'Italia 676 $a046.003 710 02$aGuida rapida d'Italia$0421597 801 0$aIT$bUNINA$gRICA$2UNIMARC 901 $aBK 912 $a990007881720403321 952 $a046.003.GRD$b5474$fDECGE 959 $aDECGE 996 $aCampania,Puglia,Basilicata,Calabria,Sicilia$9669114 997 $aUNINA LEADER 01071nam2-2200373---450 001 990005617610203316 005 20200608124234.0 035 $a000561761 035 $aUSA01000561761 035 $a(ALEPH)000561761USA01 035 $a000561761 100 $a20000523d1982----|||y0itaa50------ba 101 $aita 102 $ait 105 $a0 00||| 200 1 $a<<10: >> Diario 1853 - 1854$fSoren Kierkegaard$ga cura di Cornelio Fabro 210 $aBrescia$cMorcelliana$d1982 215 $a240 p.$d22 cm 461 0$1001000561751$12001$aDiario$v10 620 $dBRESCIA 676 $a198.9 700 1$aKIERKEGAARD,$bSøren$0437056 702 1$aFABRO,$bCornelio 801 0$aIT$bSA$c20111219 912 $a990005617610203316 950 0$aDipar.to di Filosofia - Salerno$dDFAA 198.9 KIE$e3347 FIL 951 $aAA 198.9 KIE$b3347 FIL 959 $aBK 969 $aFIL 979 $c20121027$lUSA01$h1525 979 $aBATCH-UPD$b00$c20121027$lUSA01$h1542 979 $c20121027$lUSA01$h1614 996 $aDiario 1853 - 1854$91133535 997 $aUNISA